000 00511nam a2200181Ia 4500
005 20250326141141.0
008 250326s9999 xx 000 0 und d
037 _aTextbook
040 _aFMSL
_beng
_cFMSL
041 _aeng
_2eng
084 _aD658(2:55) N7
_qFMSL
100 _aPanko R R
_9742288
245 0 _aBusiness data communication
_cPanko R R
260 _aNew Jersey
_bNew Jersey, Prentice Hall
_c1997
300 _a486p
942 _cTB
_hD658(2:55) N7
999 _c1288940
_d1288940